Music Quiz

Random Music or Song Quiz

Male Country Singers by Song Quiz Stats

 Plays Quiz not verified by Sporcle

Score 0/16 Timer 03:00
0 Plays Today
Song Singer % Correct
''Live Like You Were Dying''Tim McGraw
87.5%
''Friends in Low Places''Garth Brooks
82.1%
''Forever and Ever, Amen''Randy Travis
75%
''He Stopped Loving Her Today''George Jones
69.6%
''Springsteen''Eric Church
67.9%
''Do I''Luke Bryan
62.5%
''I Go Back''Kenny Chesney
60.7%
''Clear Blue Sky''George Strait
58.9%
Song Singer % Correct
''Letter to Me''Brad Paisley
53.6%
''Somebody Like You''Keith Urban
50%
''Lady''Kenny Rogers
50%
''Laughed Until We Cried''Jason Aldean
50%
''Drive''Alan Jackson
50%
''My List''Toby Keith
46.4%
''Alright''Darius Rucker
44.6%
''When I Call Your Name''Vince Gill
37.5%

You're not logged in!

Compare scores with friends on all Sporcle quizzes.
OR
Log In

Sporcle TV

Today on Sporcle TV


Watch our educational content, quiz creation guides, and fun videos on Sporcle TV.

Show Comments

Extras

Created Dec 17, 2014ReportNominate
Tags:Country Quiz, Song Quiz, male, Sing

Top Quizzes Today


Score Distribution

Your Account Isn't Verified!

In order to create a playlist on Sporcle, you need to verify the email address you used during registration. Go to your Sporcle Settings to finish the process.

Report this User

Report this user for behavior that violates our Community Guidelines.

Details: